| 000 | 00784cam a2200253 4500 | ||
|---|---|---|---|
| 001 | 1704737 | ||
| 003 | OSt | ||
| 005 | 20140121101103.0 | ||
| 008 | 681122s1968 nyuabc b 000 0 eng | ||
| 010 | _a 68054209 | ||
| 040 |
_aDLC _cDLC _dDLC |
||
| 050 | 0 | 0 |
_aD422 _b.C65 |
| 082 | 0 | 0 | _a909.82 |
| 100 | 1 |
_aColton, Joel, _d1918-2011. _918014 |
|
| 245 | 1 | 0 |
_aTwentieth century, _cby Joel G. Colton and the editors of Time-Life Books. |
| 260 |
_aNew York, _bTime-Life Books _c[1968] |
||
| 300 |
_a208 p. _billus. (part col.), maps, ports. _c28 cm. |
||
| 490 | 0 | _aGreat ages of man | |
| 504 | _aBibliography: p. 174. | ||
| 650 | 0 |
_aHistory, Modern _y20th century. _924075 |
|
| 710 | 2 |
_aTime-Life Books. _924076 |
|
| 906 |
_a7 _bcbc _corignew _du _encip _f19 _gy-gencatlg |
||
| 942 |
_2lcc _cBK |
||
| 999 |
_c58346 _d58320 |
||